|
|
|
|
| LEADER |
00000nab a2200000 a 4500 |
| 001 |
vtls000691077 |
| 003 |
SK-MaSNL |
| 005 |
20260304090915.0 |
| 008 |
250425c1998 xo 0 slo |
| 015 |
|
|
|a SNBRB1999/03-08444
|
| 035 |
|
|
|a CLN000043244
|
| 035 |
|
|
|a urn:nbn:sk:snk-abai22
|
| 035 |
|
|
|a (urnnbn)urn:nbn:sk:snk:ar-a0a7uc
|
| 035 |
|
|
|a (uuid)0e644da1-c05b-4c19-858a-da89c685f345
|
| 040 |
|
|
|a SNKBUCL
|b slo
|c SNKBUCL
|e AACR2
|
| 041 |
0 |
|
|a eng
|
| 044 |
|
|
|a xo
|c SK
|
| 080 |
|
|
|a 661.716.097:66.094.17
|2 1997
|
| 080 |
|
|
|a 66.094.17
|2 1997
|
| 100 |
1 |
|
|a Letková, Z.
|4 aut
|9 1382567
|
| 245 |
1 |
0 |
|a Design of catalyst with nonuniform activity distribution for consecutive reactions - selective hydrogenation of acetylene on Pd/Alumina catalyst
|c Z. Letková, J. Markoš
|
| 300 |
|
|
|b Obr., tab.
|
| 504 |
|
|
|a Bibliogr. odkazy
|
| 650 |
0 |
7 |
|a acetylén
|2 SNKPH
|9 14883
|
| 650 |
0 |
7 |
|a katalytická hydrogenácia
|2 SNKPH
|9 1382568
|
| 650 |
0 |
7 |
|a katalyzátory
|2 SNKPH
|9 23530
|
| 655 |
|
7 |
|a články z novín a časopisov
|2 SNK
|9 267496
|
| 700 |
1 |
|
|a Markoš, Jozef,
|d 1957-
|4 aut
|9 212325
|
| 773 |
0 |
|
|t Petroleum and coal
|g Roč. 40, č. 3 (1998), s. 175-182
|x 1335-3055
|
| 850 |
|
|
|a Slovenská národná knižnica
|
| 852 |
|
|
|a Slovenská národná knižnica
|
| 958 |
|
|
|a article14
|
| 958 |
|
|
|a NB
|
| 958 |
|
|
|a OND
|
| 958 |
|
|
|a EUIPO
|
| 999 |
|
|
|c 2813285
|d 2815215
|